| 000 | 00841cam a2200193 4500 | ||
|---|---|---|---|
| 001 | WB3722-01 | ||
| 008 | 000000n2001 000 0 eng u | ||
| 035 | _a(Sirsi) u112970 | ||
| 245 | _aOverseas sales now dominate says annual BADA survey | ||
| 260 | _c2001 | ||
| 490 |
_aAntiques Trade Gazette _v(1492) 9 June 2001, 1-2(1) |
||
| 520 | _aThe British Antique Dealers Association latest survey for 1999/2000 showed that sales to overseas buyers now account for 63% of business among members of the association; this compares to 56% in 1998. Also noted was an increase in turnover for the period among 52% of the respondents, up from 40% the previous year. | ||
| 590 | _aWB | ||
| 650 | _aBRITISH ANTIQUE DEALERS ASSOCIATION | ||
| 650 | _aOVERSEAS BUYERS | ||
| 650 | _aSALES FIGURES | ||
| 690 |
_aArts and antiques _96217 |
||
| 942 | _n0 | ||
| 999 |
_c67255 _d67255 |
||